000
00289nam a22001217a 4500
008
170927b xxu||||| |||| 00| 0 eng d
041
_a
eng
080
_a
37
100
_a
47
101
_a
EDUI
245
_a
SPEAK WITH CONFIDENCE A PRACTICAL GUIDE
_c
VASILE.A..A
942
_2
udc
_c
BK
999
_c
30214
_d
30214